000 00703nam a2200193Ii 4500
003 JO-AjNU
008 230605s9999||||xx |||||||||||||| ||und||
040 _aJO-AjNU
_bara
_erda
_cJO-AjNU
041 _aara
050 1 4 _aTJ840.K5464 1988
100 3 _aالكيلاني، علاء الدين ,
_eauthor
_939607
245 0 0 _aصيانة المعامل الميكانيكية والكهربائية للمهندسين والفنين والطلبة
264 3 1 _aبغداد:مطبعة الديواني، 1988
300 _a180ص
336 _atext
_btxt
_2rdacontent
337 _aunmediated
_bn
_2rdamedia
338 _avolume
_bnc
_2rdacarrier
650 4 _aالهندسة الكهربائية
_939608
999 _aA16741
_c20309
_d20309